000 00450cam a22001337a 4500
008 180718b1977 xxu||||| |||| 00| 0 eng d
082 _aAPPPA 76-77 SUN
100 _aSundararajan, K.
245 _aWorking capital management in selected public sector undertakings
_cby K. Sundararajan
260 _aNew Delhi
_bIndian Institute of Public Administration
_c1977
300 _a81p.
650 _aPublic sector undertakings
650 _aCapital management
999 _c501104
_d501104